00386nam a2200133 a 45000010010000000030011000100080041000210350026000620820014000881000018001022450061001202600058001816500013002390000-9350ELIB.Books110520 1989  a(ELIB.Books)0000-9502 a610 bWer aWerner, David aWhere There is No Doctor on Village Health Care Handbook bNew York: Published by Macmillan PublishersLTD c1989 aMedicine